[Event "FRA-chT4 0506"]
[Site "Bretagne"]
[Date "2006.01.15"]
[Round "4"]
[White "El Hamdi, Aissa"]
[Black "Borgeois, Bastien"]
[Result "0-1"]
[WhiteElo "1780"]
[BlackElo "1440"]
[PlyCount "120"]
[EventDate "2005.10.16"]
[EventType "team"]
[EventRounds "7"]
[EventCountry "FRA"]
[SourceTitle "EXT 2007"]
[Source "ChessBase"]
[SourceDate "2006.11.23"]
[SourceVersion "1"]
[SourceVersionDate "2006.11.23"]
[SourceQuality "1"]

1. d4 d5 2. Nf3 Nf6 3. Bg5 Ne4 4. Bh4 Bf5 5. e3 Nd7 6. Bd3 c5 7. c3 c4 8. Be2 Qc7 9. 0-0 e6 10. Nbd2 Ndf6 11. Nxe4 Nxe4 12. Ne5 a6 13. f3 Nd6 14. Bg3 Be7 15. e4 dxe4 16. Nxc4 0-0 17. fxe4 Bxe4 18. Qe1 Bd5 19. Ne3 Bc6 20. Bd3 Qb6 21. Bxd6 Bxd6 22. Qh4 h6 23. Rf2 Qd8 24. Qh3 Be7 25. Rd1 Qa5 26. a3 Rad8 27. Rdf1 Bb5 28. Qh5 Bg5 29. Qe2 Bxd3 30. Qxd3 b5 31. Ng4 Qc7 32. Qf3 Rd5 33. Ne5 Bf6 34. Ng4 Rf5 35. Qe4 Rxf2 36. Rxf2 Bg5 37. Rf3 Rd8 38. Ne5 Bf6 39. Nd3 Qc4 40. Qf4 Qd5 41. h4 Qh5 42. g3 a5 43. Kf2 Rd5 44. Qe4 Rf5 45. Rxf5 Qxf5+ 46. Qxf5 exf5 47. Kf3 Kf8 48. b4 axb4 49. axb4 Ke7 50. Nf4 Kf8 51. h5 Ke8 52. Nd5 Bd8 53. Kf4 g6 54. Ke5 Kd7 55. hxg6 fxg6 56. Nf4 Bc7+ 57. Kf6 g5 58. Nh5 f4 59. Kf5 fxg3 60. Nf6+ Kd8 0-1